[Event "Groningen"]
[Site "Groningen"]
[Date "1995.??.??"]
[Round "2"]
[White "Svidler, Peter"]
[Black "Van Wely, Loek"]
[Result "0-1"]
[WhiteElo "2635"]
[BlackElo "2585"]
[Annotator "Ftacnik,L"]
[PlyCount "122"]
[EventDate "1995.12.??"]
[EventType "tourn"]
[EventRounds "11"]
[EventCountry "NED"]
[EventCategory "17"]
[SourceTitle "CBM 051"]
[Source "ChessBase"]
[SourceDate "1996.04.01"]
[SourceVersion "1"]
[SourceVersionDate "1996.04.01"]
[SourceQuality "1"]

1. e4 c5 2. Nf3 d6 3. d4 cxd4 4. Nxd4 Nf6 5. Nc3 a6 6. Be3 Ng4 7. Bg5 h6 8. Bh4
g5 9. Bg3 Bg7 10. h3 Ne5 11. Be2 Nbc6 12. Nb3 (12. Nxc6 bxc6 13. O-O Qb6 14.
Rb1 Be6 15. Qd2 Nc4 16. Bxc4 Bxc4 17. Rfe1 Rd8 18. Kh1 Qd4 19. Qc1 e5 20. Rd1
Qc5 21. Na4 Qb4 22. b3 Be6 23. c4 {1/2-1/2 Perunovic,M-Perovic,V/JUG-chT2 (06)/
1994/ (54)}) (12. Nf5 Bxf5 13. exf5 Nd4 14. Bg4 (14. Bd3 Nxd3+ 15. Qxd3 Qa5 16.
f6 Bxf6 17. O-O Rc8 18. Rae1 Rxc3 19. bxc3 Ne6 20. Qf3 Qxc3 21. Qxb7 O-O 22.
Qxa6 Nd4 23. Qd3 Qxd3 24. cxd3 Ra8 25. f4 Rxa2 26. fxg5 {1/2-1/2 Thorhallsson,
T-Gallagher,J/Forli op (05)/1992/}) 14... Nc4 15. Rb1 Nxb2 16. Rxb2 Qa5 17. O-O
Qxc3 18. Rxb7 Bf6 19. Be2 Qc6 20. Rb4 Nxe2+ 21. Qxe2 O-O {1-0 Misailovic,
N-Petrosian,A/JUG-chT2 (11)/1994/ (35)}) 12... Be6 {Despite the weaknesses on
d5 and f5 black seems to be enjoying good compensation. All his pieces are
active and pawns are not a target.} (12... Ng6 13. Qd2 Be6 14. h4 Nxh4 15. Bxh4
gxh4 16. Rxh4 Rc8 17. O-O-O Qb6 18. Bg4 Bxc3 19. bxc3 Bxg4 20. Rxg4 Ne5 21. Rg3
{Tolnai,T-Pigusov,E/EUCupf Lyon/1994/0.5 (44)}) 13. Nd5 Rc8 14. O-O Ng6 15. c3
Be5 16. Bxe5 (16. Bg4 Bxg4 17. Qxg4 e6 18. Ne3 h5 19. Qf3 Bxg3 20. Qxg3 Nf4 21.
Kh1 Ne5 22. Rad1 h4 23. Qh2 Qb6 24. Rd2 Ke7 {Szalanczy,E-Ruck,R/Budapest FS08
GM (07)/1993/1/2-1/2 (85)}) 16... Ncxe5 17. Ne3 Qb6 18. Qd4 $1 (18. Nd4 Qxb2
19. Rb1 Qxa2 $17) 18... Qxd4 19. Nxd4 $6 (19. cxd4 $1 Nf4 20. Rfe1 (20. Bxa6
bxa6 21. dxe5 dxe5 $15) 20... Ned3 21. Bxd3 Nxd3 22. Re2 Bxb3 23. axb3 $15)
19... Nf4 20. Bd1 $6 (20. Rfe1) 20... Bc4 $1 21. Nxc4 Nxc4 22. g3 Nd3 23. b3 (
23. Bg4 e6 24. b3 Nce5 $17) 23... Nd2 24. Bg4 Rxc3 25. Rfd1 Nxf2 {Very
interesting combination, but black had even slightly better option without
sacrificing material.} (25... h5 $5 26. Bf5 (26. Be2 Nxf2) 26... e5 $1 27. Rxd2
exd4 28. Kg2 Ke7 29. Rad1 Ne5 $15) (25... Nxe4 26. Ne2 Ndc5 27. Nxc3 Nxc3 28.
Rdc1 Nd5 29. Bf3 Nb4 $15) 26. Rxd2 (26. Kxf2 Nxe4+ 27. Kg2 Rxg3+ 28. Kh2 $13)
26... Nxg4 (26... Nxe4 27. Rc2) 27. Ne2 $6 (27. hxg4 Rxg3+ 28. Kf2 $1 (28. Rg2
Rd3 $15) 28... Rxg4 29. Rc1 O-O (29... Kd7 $6 30. Rdc2) 30. Kf3 Rf4+ 31. Ke3
$13) 27... Ne5 $1 28. Nxc3 Nf3+ 29. Kf2 Nxd2 30. Ke3 Nxe4 31. Nxe4 {The N is
not so strong in the fight against three passed P.} (31. Kxe4 e6 32. Rc1 Ke7
33. Na4 d5+ 34. Kd4 Kd6 $15) 31... f5 32. Nc3 Kd7 $2 (32... Kf7 $1) 33. Nd5 e6
34. Nb6+ Kc6 35. Nc4 b5 36. Na5+ Kb6 37. b4 Rc8 38. Kd3 Kc7 (38... h5 39. Re1
e5 40. Rf1) 39. Rc1+ Kd7 40. Rxc8 Kxc8 41. Nc6 $2 (41. g4 $1 Kd7 (41... f4 42.
Ke4) 42. Nb3 Ke7 43. Nd4 Kf6 $14) 41... Kd7 42. Nd4 h5 43. Nf3 g4 44. hxg4 hxg4
45. Nd4 Ke7 46. Ke3 $6 (46. Nc6+ $5 Ke8 $5 {/\e6-e5} (46... Kf6 47. Nb8 e5 48.
Nxa6 f4 $13) (46... Kd7) 47. Kd4 Kd7 (47... e5+ 48. Nxe5 $18) 48. Na5 (48. Nb8+
Kc7 49. Nxa6+ Kb7 50. Nc5+ dxc5+ 51. Kxc5 f4 $19) 48... e5+ 49. Kd3 f4 {
Black should win.}) 46... Kf6 47. Nc6 e5 48. Nb8 Ke7 $1 (48... Kg5 49. Nxa6 f4+
) 49. Nc6+ (49. Nxa6 Kd7) 49... Ke6 50. Nd8+ Kd7 51. Nb7 Kc7 52. Na5 d5 $19 {
Black pawn mass will be too strong for the N and a K.} 53. Nb3 d4+ 54. Ke2 Kc6
55. Nc5 Kd5 56. Nxa6 e4 57. Nc5 Kc4 58. a3 Kc3 59. Ne6 d3+ 60. Ke3 d2 61. Ke2
f4 $1 (61... f4 $1 62. Nxf4 Kc2 $19) 0-1

[Event "Yongchuan zt 3.3"]
[Site "Yongchuan"]
[Date "2003.07.11"]
[Round "1"]
[White "Yu, Shaoteng"]
[Black "Ni, Hua"]
[Result "0-1"]
[WhiteElo "2508"]
[BlackElo "2533"]
[Annotator "Ftacnik,L"]
[PlyCount "82"]
[EventDate "2003.07.11"]
[EventType "tourn"]
[EventRounds "11"]
[EventCountry "CHN"]
[EventCategory "12"]
[SourceTitle "CBM 097"]
[Source "ChessBase"]
[SourceDate "2003.11.11"]
[SourceVersion "1"]
[SourceVersionDate "2003.11.11"]
[SourceQuality "1"]

1. e4 c5 2. Nf3 d6 3. d4 Nf6 4. Nc3 cxd4 5. Nxd4 a6 6. a4 Nbd7 7. g3 e5 8. Nde2
h6 {Black is not so well versed in theory, his plan was most likely born over
the board.} 9. Bg2 Nc5 (9... b6 10. O-O Bb7) 10. h3 Be7 11. g4 (11. b4 Ne6 12.
a5 $14) 11... Ne6 12. Ng3 (12. a5 b5 13. axb6 Qxb6 $11) 12... g6 13. Be3 (13.
a5 b5 14. Be3 Qc7 15. Qd2 Rb8 $11) 13... Nf4 14. Bxf4 (14. Bf3 Qa5 15. Bd2 Qb6
16. Qc1 g5 $11) 14... exf4 15. Nge2 h5 $2 {Enterprizing but wrong, as white
will occupy the center. Much better was 15...g5! with fair chances.} (15... g5
$1 $11) 16. g5 (16. gxh5 Nxh5 17. Nd5 $14) (16. Nxf4 hxg4 17. hxg4 Rxh1+ 18.
Bxh1 Nxg4 $11) 16... Nd7 17. Nxf4 (17. h4 f3 (17... Ne5 18. Nxf4 Bg4 19. f3 Be6
20. Ncd5 $16) 18. Bxf3 Ne5 19. Bg2 Be6 20. f4 Ng4 21. Qd4 $14) 17... Ne5 (17...
Bxg5 18. Qxd6 Bf6 19. Qd2 $16) 18. Nfd5 (18. h4 $1) 18... Bxg5 19. Qd4 (19. f4
$2 Bxf4 20. Nxf4 Qh4+ 21. Ke2 Qxf4 22. Nd5 Qg5 23. Qg1 O-O $17) 19... O-O 20.
O-O $6 {White is missing a tactical shot from his opponent, the chances are
now balanced.} (20. f4 Nc6 21. Qd2 Bh6 22. O-O $14) 20... Bxh3 $1 (20... Bh6
21. f4 Nc6 22. Qf2 $14) 21. f4 (21. Bxh3 $4 Nf3+ $19) 21... Bxg2 22. Kxg2 (22.
fxe5 Bxf1 23. Rxf1 dxe5 24. Qxe5 Rc8 $19) 22... Nc6 23. Qb6 (23. Qe3 Bf6 24.
Rad1 $44) 23... Bh6 24. Qxb7 (24. Qxd8 Rfxd8 25. f5 $13) 24... Nd4 25. Rad1 (
25. Rf2 Bg7 26. Rd1 Qh4 27. Qd7 Rad8 28. Qh3 Qxh3+ 29. Kxh3 f5 $11) 25... Bg7
26. Ne3 (26. Rd2 Rb8 27. Qxa6 Rxb2 28. Qd3 Qh4 $11) 26... Rb8 27. Qxa6 (27. Qd5
Rb4 28. b3 Ne6 29. Ne2 Nc7 30. Qd3 Qe7 31. c4 Re8 $13) 27... Rxb2 28. Qd3 $2 {
[%mdl 64] White is unsuspecting the level of problems, that arise after
black's spirited tactical combination.} (28. Rf2 Qd7 29. Qd3 Ra8 $11) 28...
Nxc2 $1 29. Nxc2 Qc8 30. Rf3 (30. e5 dxe5 31. f5 gxf5 32. Rxf5 e4 33. Qxe4 Qxc3
$17) 30... Bxc3 31. Kh1 (31. Qxc3 $2 Rxc2+ $19) 31... Bg7 32. Ne3 Qd7 33. Rg1 (
33. Qxd6 Qxa4 34. e5 Bh6 $17) 33... Qxa4 34. f5 (34. Nf5 Rfb8 (34... gxf5 $2
35. Qc3 f6 36. Qxb2 Qxe4 $11) 35. Nxd6 Qa2 $19) 34... Be5 35. Rh3 Qa2 36. Nf1 (
36. Rg2 $2 Rxg2 37. Nxg2 Qa1+ $19) 36... Kg7 $6 {A weak moment for the
stronger side, it was advisable to activate the rook and decide the issue
right away.} (36... Rc8 $1 37. fxg6 Rc3 38. gxf7+ Kxf7 39. Qxc3 Bxc3 40. Rxc3
Qe6 $19) 37. Qf3 Qc4 38. fxg6 fxg6 39. Rxg6+ Kxg6 40. Qxf8 Qxe4+ 41. Rf3 Qh4+
0-1

[Event "Poikovsky Karpov 04th"]
[Site "Poikovsky"]
[Date "2003.04.24"]
[Round "5"]
[White "Svidler, Peter"]
[Black "Rublevsky, Sergei"]
[Result "1-0"]
[WhiteElo "2713"]
[BlackElo "2670"]
[Annotator "Ftacnik,L"]
[PlyCount "79"]
[EventDate "2003.04.20"]
[EventType "tourn"]
[EventRounds "9"]
[EventCountry "RUS"]
[EventCategory "16"]
[SourceTitle "CBM 095"]
[Source "ChessBase"]
[SourceDate "2003.07.25"]
[SourceVersion "1"]
[SourceVersionDate "2003.07.25"]
[SourceQuality "1"]

1. e4 c5 2. Nf3 e6 3. d4 cxd4 4. Nxd4 Nc6 5. Nc3 a6 6. Be2 d6 7. Be3 Nf6 8. f4
Bd7 9. Bf3 Rc8 10. Qe2 b5 11. a3 (11. O-O-O b4 12. Nb1 Qa5 $15) 11... Qc7 {
Rublevsky is meeting the Scheveningen setup with the unusually early
development of the whole queenside.} 12. g4 (12. O-O-O b4 13. axb4 Nxb4 $36)
12... Nxd4 13. Bxd4 Qc4 14. Qxc4 (14. Qf2 e5 15. fxe5 dxe5 16. Bxe5 Nxg4 $13)
14... Rxc4 (14... bxc4 15. g5 Ng8 16. O-O-O $14) 15. O-O-O h6 (15... e5 16.
fxe5 dxe5 17. Bxe5 Nxg4 18. Bd4 f6 19. Nd5 $14) 16. Rhe1 (16. e5 $5 dxe5 17.
fxe5 Nh7 (17... Ng8 18. Ne4 Bc6 19. Rhe1 $16) 18. Rhf1 Be7 (18... Bc5 $2 19.
Ne4 Rxd4 20. Nxc5 Rxd1+ 21. Rxd1 Bc8 22. Nxa6 $18) 19. Be2 $16) 16... Be7 17.
e5 dxe5 18. Bxe5 (18. fxe5 $1 Nh7 19. Be2 Rc7 20. Ne4 $16) 18... Bc8 (18... Bc6
19. Be2 Rc5 20. Bd4 $16) 19. Be2 Rc6 20. h4 (20. Nxb5 axb5 21. Bxb5 Bb7 (21...
Bd7 22. Rxd7 Kxd7 23. Rd1+ Nd5 24. c4 Rhc8 25. Kb1 f6 26. cxd5 exd5 27. Bc3 $16
) 22. Bxf6 gxf6 23. Re3 Kf8 24. Bxc6 Bxc6 25. b4 $16) 20... O-O 21. g5 Nd7 (
21... hxg5 22. hxg5 Nd7) 22. Bd4 (22. gxh6 Nxe5 23. hxg7 Kxg7 24. fxe5 Rc5 25.
Bf3 Rh8 26. h5 $14) 22... hxg5 23. hxg5 Bd6 (23... Rc7 24. Bf3 Bb7 25. Bxb7
Rxb7 26. g6 $14) 24. Be3 Bxa3 $6 (24... Bb8 25. Bf3 Rc7 26. Re2 (26. Rd3 Bb7
27. Bxb7 Rxb7 28. Red1 Nb6 29. b3 Kh7 $14) 26... Bb7 27. Bxb7 Rxb7 28. Ne4 $16)
25. Nxb5 $1 Bxb2+ $2 {[%mdl 4096] The transfer into the endgame with the
necessity to fight bishops pair and a passed "c" pawn is not very clever,
white will control the whole board.} (25... Bb4 26. Nd4 $1 (26. Na7 Rc7 27. c3
Bc5 28. Bxc5 Nxc5 29. Nxc8 Rfxc8 $14) 26... Rc7 27. c3 $16) (25... Bc5 26. Bf3
Rb6 27. Bxc5 Nxc5 28. Nd6 $16) 26. Kxb2 axb5 27. Bxb5 Rc7 28. c4 Nc5 (28... e5
29. Kc3 f6 30. g6 $1 $18) 29. f5 $5 (29. Kc3 Bb7 30. Kb4 Rfc8 31. Bxc5 Rxc5 32.
Rd8+ Rxd8 33. Kxc5 $16) 29... exf5 (29... Bb7 30. Bf4 Rcc8 31. Bd6 Rfd8 32.
Bxc5 Rxd1 33. Rxd1 Rxc5 34. g6 fxg6 35. fxe6 Re5 36. Rd7 Bf3 37. e7 Re2+ 38.
Kc3 Kf7 39. e8=Q+ Kxe8 40. Rd3+ Ke7 41. Rxf3 $18) 30. Bf4 Rb7 (30... Ra7 31.
Bd6 Nd7 32. Bxf8 Kxf8 33. Rd5 $18) 31. Bd6 Be6 32. Bxc5 Rc8 (32... Bxc4 33.
Bxf8 Bxb5 (33... Rxb5+ 34. Kc3 $18) (33... Kxf8 34. Re8# (34. Rd8#)) 34. Rd8
$18) 33. Rxe6 $1 {Black has even managed to generate magical defense due to
the pin along the b file, but this simple blow practically finishes the fight
in white's favour.} (33. Bb4 Bxc4 $15) 33... fxe6 34. g6 Rbb8 (34... Rxc5 $2
35. Rd8#) 35. Ba7 Rb7 (35... Ra8 36. Bd7 Rc7 37. Bxe6+ Kf8 38. Bd4 $18) (35...
Rd8 36. Re1 Rb7 37. Bc5 Rc8 38. Rxe6 $18) 36. Bf2 Kf8 37. Kb3 e5 (37... f4 38.
Rh1 Kg8 39. Re1 Re7 40. Bh4 Rb7 41. Rxe6 $18) 38. Rd6 f4 (38... Ke7 39. Ra6 f4
40. Bh4+ Kf8 41. Re6 $18) 39. Rd5 Rc6 40. Bc5+ 1-0

[Event "St Petersburg-ch"]
[Site "St Petersburg"]
[Date "2003.04.28"]
[Round "13"]
[White "Ionov, Sergey"]
[Black "Popov, Valerij"]
[Result "1-0"]
[WhiteElo "2541"]
[BlackElo "2570"]
[Annotator "Ftacnik,L"]
[PlyCount "59"]
[EventDate "2003.04.16"]
[EventType "tourn"]
[EventRounds "13"]
[EventCountry "RUS"]
[EventCategory "11"]
[SourceTitle "CBM 095"]
[Source "ChessBase"]
[SourceDate "2003.07.25"]
[SourceVersion "1"]
[SourceVersionDate "2003.07.25"]
[SourceQuality "1"]

1. e4 c5 2. Nf3 d6 3. d4 cxd4 4. Nxd4 Nf6 5. Nc3 a6 6. f3 e5 7. Nb3 Be6 8. Be3
Be7 9. Qd2 Nbd7 10. g4 Nb6 11. O-O-O O-O 12. Qf2 Nfd7 13. h4 Rc8 14. Nd5 Bxd5
15. exd5 Nc4 16. Bxc4 Rxc4 17. Nd2 Ra4 $6 {It is perfectly fine to be
optimistic at the chess board, but when it entails misslocation of a heavy
piece it could be very dangerous.} (17... Rc8 18. Kb1 f5 19. gxf5 Rxf5 20. Qg2
b5 $13) 18. Kb1 f5 (18... b5 $5 19. b3 Ra3 20. Ne4 b4 21. Nd2 Ra5 22. Nc4 Rb5
23. g5 Qa8 24. Qd2 f5 $13) 19. b3 Rb4 (19... Ra5 20. Nc4 Rb5 21. a4 Rb4 22. Qe1
Rxc4 23. bxc4 Qc7 $14) 20. c3 Rb5 21. c4 Ra5 (21... Rb4 $2 22. a3 $18) 22. gxf5
b5 (22... Rxf5 23. Ne4 b5 (23... Qf8 24. Qe2 Rxf3 25. Rhf1 Rf5 26. h5 (26. Bd2
$16) 26... Bd8 27. Bh6 Rxf1 28. Rxf1 Nf6 29. Bd2 $18) 24. c5 $1 Nxc5 25. Nxc5
dxc5 26. d6 $18) 23. c5 $1 {Now the rook on a5 must have felt really out of
touch.} Nxc5 (23... dxc5 24. d6 Bf6 (24... Bxd6 25. Ne4 Be7 26. Nxc5 Bxc5 27.
Bxc5 $18) 25. Bxc5 Bxh4 26. Rxh4 Nxc5 27. Ne4 Nxe4 28. fxe4 b4 29. Qh2 h6 (
29... Qa8 30. Qh1 $18) 30. Rxh6 $18) 24. Ne4 Nd7 (24... Nxe4 25. fxe4 Qd7 26.
h5 b4 27. h6 $18) (24... Qd7 25. Qd2 b4 26. Bxc5 dxc5 27. d6 Bd8 28. Qd5+ Kh8
29. Qe6 Qf7 30. Qxf7 Rxf7 31. Ng5 Rxf5 32. Ne6 Bf6 33. d7 $16) 25. f6 (25. Bd2
b4 26. Bxb4 Rb5 27. Bxd6 Bxd6 28. Nxd6 Rb6 29. Nc4 $16) 25... Bxf6 (25... gxf6
26. Bd2 b4 27. Bxb4 Rb5 28. Rhg1+ Kf7 (28... Kh8 29. Bxd6 $18) 29. Nxd6+ Bxd6
30. Bxd6 $18) 26. Bd2 b4 27. Bxb4 Rb5 28. Bxd6 {With the loss of the d6 pawn
black is deprived of the anchor for his scattered pieces.} Rf7 (28... Be7 29.
Rhg1 Bxd6 30. Nxd6 Rb6 31. Ne4 $16) 29. Qc2 (29. Qa7 Nf8 (29... Nc5 30. Nxf6+
Rxf6 31. Be7 Rf7 32. Qxa6 Nxa6 33. Bxd8 $16) 30. Qxa6 Rb6 31. Qa3 $16) 29...
Bxh4 $2 (29... Nb6 30. Qc6 Rd7 31. h5 $16) 30. Bc7 (30. Bc7 Qe7 31. d6 Qf8 32.
Ng5 (32. Rxh4 $18) 32... e4 33. Nxf7 Bf6 34. Qxe4 $18) 1-0

[Event "Budapest Hunguest Hotels"]
[Site "Budapest"]
[Date "2003.04.19"]
[Round "8"]
[White "Movsesian, Sergei"]
[Black "Lutz, Christopher"]
[Result "0-1"]
[WhiteElo "2659"]
[BlackElo "2640"]
[Annotator "Ftacnik,L"]
[PlyCount "60"]
[EventDate "2003.04.11"]
[EventType "tourn"]
[EventRounds "9"]
[EventCountry "HUN"]
[EventCategory "17"]
[SourceTitle "CBM 095"]
[Source "ChessBase"]
[SourceDate "2003.07.25"]
[SourceVersion "1"]
[SourceVersionDate "2003.07.25"]
[SourceQuality "1"]

1. e4 c5 2. Nf3 d6 3. d4 cxd4 4. Nxd4 Nf6 5. Nc3 a6 6. Be3 e5 7. Nb3 Be6 8. f3
Nbd7 9. Qd2 b5 10. O-O-O Be7 11. Qf2 Qb8 12. g4 b4 13. Ne2 {White believes,
that his pieces are better prepared for the tactical battle on all fronts of
the board.} (13. Nd5 Bxd5 14. exd5 a5 15. g5 Nh5 16. Bh3 a4 17. Nd2 b3 18. axb3
axb3 19. Nxb3 Ra4 20. Bg4 Nf4 21. h4 Qb7 {0-1 Votava,J-Lutz,C/Germany 1997/ 
(38)}) 13... a5 14. Kb1 (14. g5 Nh5 15. Qh4 a4 16. Nd2 b3 17. axb3 axb3 18.
Nxb3 g6 $15) 14... a4 15. Nbc1 (15. Na1 b3 16. a3 bxc2+ 17. Nxc2 Qb7 $17) 15...
b3 16. cxb3 (16. g5 bxa2+ 17. Ka1 Nh5 18. Qh4 g6 $17) 16... axb3 17. a3 d5 18.
g5 (18. exd5 Nxd5 19. Bg2 Ra4 $17) 18... Bxa3 $5 {Black chooses a radical
method of fighting for the survival with fervent counterattack.} 19. gxf6 (19.
bxa3 $2 b2 $1 20. Nd3 (20. gxf6 Rxa3 21. Bb6 (21. Na2 d4 $19) 21... Nxb6 22.
Na2 d4 $19) 20... dxe4 21. Nxb2 (21. gxf6 exd3 22. fxg7 Rg8 23. Nc3 Rxa3 $19)
21... Rxa3 22. gxf6 Ba2+ 23. Kc1 Qc7+ 24. Kd2 Qa5+ 25. Kc1 Bb3 $19) 19... Bxb2
(19... Nxf6 20. bxa3 b2 21. Nd3 Rxa3 22. Nxb2 dxe4 23. Nc1 Nd5 24. Rxd5 Bxd5
25. Qd2 $16) 20. Kxb2 (20. fxg7 Rg8 21. Kxb2 (21. exd5 Bf5+ 22. Kxb2 Qb4 23.
Nxb3 Qa3+ 24. Kc3 Rc8+ 25. Kd2 Qb4+ 26. Nc3 Qxc3+ 27. Ke2 Qxb3 $40) 21... Qb4
22. Ba7 d4 23. Nxd4 (23. Bxd4 $2 Qa3+ 24. Kb1 exd4 25. Qxd4 b2 26. Qxb2 Rb8 $17
) 23... Rxa7 (23... exd4 24. Qxd4 Qa5 25. Nxb3 Qxa7 26. Qxa7 Rxa7 27. Nd4 $16)
24. Nb5 Ra5 (24... Ra2+ 25. Nxa2 bxa2+ 26. Ka1 Nc5 27. Nd6+ Ke7 28. Bc4 Bxc4
29. Qh4+ (29. Nf5+ Ke8 30. Nd6+ Ke7 $11) 29... f6 30. Nf5+ Ke8 31. Qh5+ Bf7 32.
Nd6+ Kd8 33. Qxf7 Qc3+ 34. Kxa2 Qc2+ 35. Ka3 Qc3+ $11) 25. Nc7+ Ke7 26. Nxe6 (
26. Qh4+ f6 27. Nxe6 Nb6 28. Qe1 Qa3+ 29. Kc3 b2+ $17) 26... fxe6 27. Nxb3 Qa3+
28. Kc3 Rc5+ 29. Bc4 Rxc4+ 30. Kxc4 Rc8+ 31. Kd3 Qxb3+ 32. Ke2 Rc2+ 33. Rd2
Qb5+ 34. Ke1 Qb1+ 35. Ke2 Qb5+ $11) 20... Qb4 21. Ba7 (21. fxg7 Qa3+ 22. Kc3
Rg8 23. Kd2 (23. exd5 b2+ 24. Nb3 Bxd5 25. Kd2 Qb4+ 26. Nc3 b1=N+ 27. Rxb1 Ra2+
28. Ke1 Rxf2 29. Kxf2 Qxc3 $19) 23... Qb4+ 24. Nc3 d4 25. Ke2 dxc3 $19) (21.
Nxb3 d4 22. Rd3 Nc5 23. Nec1 Nxd3+ 24. Bxd3 Bxb3 25. Bb5+ Qxb5 26. Nxb3 Rb8 27.
Qc2 dxe3 $19) 21... O-O (21... d4 22. fxg7 Rg8 23. Nxd4 Rxa7 24. Nb5 Ra5 $11)
22. Bh3 $2 {[%mdl 64] The position is etremely dangerous for white, but this
surprising defense is not correct. It is most likely that white was winning
with the coolbloded capture 22.exd5!} (22. exd5 $1 Rfc8 (22... Bf5 23. Nxb3
Rfc8 24. Rc1 Nxf6 25. Rxc8+ Rxc8 26. Bc5 $18) 23. dxe6 Rc2+ (23... Nc5 24. Rd8+
$1 (24. Bxc5 Rxc5 25. exf7+ Kxf7 26. Qxc5 Qxc5 $11) 24... Rxd8 25. Qxc5 Qd2+
26. Kxb3 gxf6 27. Bh3 $18) 24. Kb1 Qa3 (24... Nc5 25. e7 Qa5 26. Rg1 g6 27.
Rd8+ Rxd8 28. exd8=Q+ Qxd8 29. Qe3 $18) (24... Nxf6 25. Qb6 $18) 25. exf7+ Kxf7
26. Rxd7+ Ke8 27. Bd4 Kxd7 (27... b2 28. Re7+ Kf8 29. Kxc2 Rc8+ 30. Bc5 Rxc5+
31. Qxc5 bxc1=Q+ 32. Nxc1 Qxc5+ 33. Kd1 $18) 28. Bh3+ Kc6 29. Bxe5 $18) 22...
Bxh3 23. Nxb3 (23. Qg3 g6 24. Qxh3 Rxa7 $19) 23... d4 $1 24. Qg3 (24. Nexd4
Rxa7 (24... exd4 25. Rxd4 (25. Qxd4 Qb7 26. fxg7 Rfc8 27. Ra1 Be6 28. Ra3 Rc4
29. Qe3 Rb4 30. Rha1 Ne5 $19) 25... Qb7 26. Qg3 Nxf6 27. Rg1 g6 28. Bc5 Rfc8
29. Qd6 Rc6 30. Qe7 Nd7 31. Bb4 Qc7 32. Rd2 Be6 $19) 25. Nc2 Qb8 26. Qg3 g6 27.
Qxh3 Nc5 28. f4 Nxb3 29. Qxb3 Rb7 30. Rd3 exf4 $19) 24... g6 $1 (24... Nxf6 25.
Bc5 Qc4 26. Bxf8 Rxf8 27. Nexd4 $16) 25. Nexd4 (25. Qxh3 Rxa7 26. Rd3 (26. Ra1
Rb8 27. f4 Qd2+ 28. Kb1 d3 $19) 26... Nc5 27. f4 Nxb3 28. Rxb3 Qd2+ 29. Kb1
Rfa8 $19) 25... Rxa7 {The headcount is not favourable for white, for the
exposed king he doesn't even have some material as a compensation.} (25... Rfc8
26. Qe1 (26. Rc1 exd4 27. Qxh3 Rc3 $19) 26... Qb7 27. Ra1 exd4 28. Bxd4 Be6 29.
Qe3 Bxb3 30. Qxb3 Qxb3+ 31. Kxb3 Rab8+ 32. Ka3 Rc6 $19) 26. Nc2 (26. Nc6 Qa3+
27. Kc2 Qa2+ 28. Kc3 Rc8 $19) 26... Qc4 27. Qf2 (27. Qxh3 Ra2+ 28. Kxa2 Qxc2+
29. Ka3 Ra8+ 30. Kb4 Rb8+ $19) 27... Rb7 28. Nca1 Nc5 29. Qe3 (29. Qc2 Qxc2+
30. Kxc2 Nxb3 31. Nxb3 Rc8+ 32. Kb2 Be6 33. Rd3 Rcb8 $19) 29... Be6 30. Rc1
Nd3+ 0-1